000 00653nam a2200241Ia 4500
003 OSt
005 20220918194733.0
006 a|||||r|||| 00| 0
007 ta
008 220917b |||||||| |||| 00| 0 eng d
024 _a81,266
037 _cTextual
040 _aARTS
_cARTS
_beng
041 _2eng
_aeng
082 _aS:86, L4
100 _aKemp C Gratton
_986722
245 0 _aFoundations of group counseling
260 _c1970
490 _aGuidance, counseling and student personnel in education, ed by Walter F Johnson
650 _aPSYCHOLOGY
942 _hS:86, L4
_cTEXL
_2CC
999 _c204988
_d204988